000 00818nam a22002057a 4500
999 _c4179
_d4179
003 AR-CdUCM
008 190308b ||||| |||| 00| 0 spa d
040 _aMUNICIPALIDAD PROVINCIAL DEL CUSCO
_cBIBLIOTECA MUNICIPAL DEL CUSCO
082 _22 ed.
_a461.02 /
_bV34
100 _aVásquez Alegría, Atilio
_913246
245 _aManual de ortografía :
_bconforme a las normas de la Real Academia Española /
260 _aLima :
_bCientífica,
_c1988.
300 _a185 páginas ;
_c20 cm.
505 _aContenido: La sílaba -- Acentuación -- Uso de las letras mayúsculas -- Los signos de puntuación -- Abreviaturas de uso frecuentes -- Palabras que se escriben juntas ...
650 _aLengua española
_91124
650 _aOrtografía
_92067
650 _aManual
_97438
942 _2ddc
_cLIBROS
945 _araen